000 00853pam a2200265 a 4500
005 20260322212057.0
008 data
010 _a 90020378
020 _a156054080X (lg. print : alk. paper)
020 _a9781560540809 (lg. print : alk. paper)
040 _aDLC
_cDLC
_dDLC
043 _an-us---
050 1 0 _aPN2287.D32
_bS67 1990b
082 0 0 _aB
_aB
_220
100 1 _aStine, Whitney,
_d1930-
245 1 0 _a"I'd love to kiss you-- " :
_bconversations with Bette Davis /
_cWhitney Stine & Bette Davis.
250 _aThorndike large print.
260 _aThorndike, Me. :
_bThorndike Press,
_c1991.
300 _a448 p. :
_bports. ;
_c23 cm.
600 1 0 _aDavis, Bette,
_d1908-1989.
650 0 _aMotion picture actors and actresses
_zUnited States
_xBiography.
650 0 _aLarge type books.
700 1 _aDavis, Bette,
_d1908-1989.
001 data
999 _c1353
_d1353